Statistics for Countries of the World In Italian

Click here to take the quiz!

General Stats

  • This quiz has been taken 133 times
  • The average score is 82 of 196

Answers on the Map

Answers color-coded by a green-red scale on the quiz's map according to % correct below.
 

Answer Stats

Paese% Correct
Canada
90%
Francia
88%
Russia
88%
Italia
87%
Spagna
81%
Germania
79%
Stati Uniti
79%
Argentina
78%
Australia
78%
Cina
78%
India
78%
Portogallo
78%
Finlandia
76%
Messico
76%
Polonia
76%
Svizzera
76%
Ucraina
76%
Brasile
75%
Grecia
75%
Albania
72%
Cile
72%
Norvegia
72%
Algeria
71%
Giappone
71%
Irlanda
71%
Marocco
71%
Romania
71%
Egitto
69%
Svezia
69%
Tunisia
69%
Islanda
68%
Estonia
66%
Regno Unito
66%
Austria
65%
Colombia
65%
Cuba
65%
Lituania
65%
Mongolia
65%
Danimarca
63%
Turchia
63%
Sudafrica
62%
Venezuela
62%
Belgio
60%
Croazia
60%
Lettonia
60%
Madagascar
60%
Bielorussia
59%
Niger
57%
Perù
57%
Uruguay
57%
Bolivia
56%
Corea del Nord
56%
Corea del Sud
56%
Etiopia
56%
Libia
56%
Paesi Bassi
56%
Paraguay
56%
Malta
54%
Pakistan
54%
Arabia Saudita
53%
Iran
53%
Iraq
53%
Israele
53%
Repubblica Ceca
53%
San Marino
53%
Serbia
53%
Filippine
51%
Bulgaria
49%
Cipro
49%
Città del Vaticano
49%
Ecuador
49%
Moldavia
49%
Slovenia
49%
Ungheria
49%
Andorra
47%
Indonesia
47%
Somalia
47%
Afghanistan
46%
Montenegro
46%
Nigeria
46%
Panama
46%
Ghana
44%
Kazakistan
44%
Sudan
44%
Macedonia del Nord
43%
Vietnam
43%
Eritrea
41%
Nuova Zelanda
41%
Slovacchia
41%
Guinea
40%
Monaco
40%
Nepal
40%
Oman
40%
Senegal
40%
Siria
40%
Bangladesh
38%
Costa Rica
38%
Georgia
38%
Kosovo
38%
Repubblica Democratica
del Congo
38%
Yemen
38%
Capo Verde
37%
Emirati Arabi Uniti
37%
Guatemala
37%
Lussemburgo
37%
Qatar
37%
Seychelles
37%
Thailandia
37%
Bahamas
35%
Kenya
35%
Burkina Faso
34%
Camerun
34%
Guyana
34%
Costa d'Avorio
32%
El Salvador
32%
Maldive
32%
Zambia
32%
Angola
31%
Giordania
31%
Liechtenstein
31%
Mali
31%
Suriname
31%
Honduras
29%
Repubblica Dominicana
29%
Sri Lanka
29%
Togo
29%
Zimbabwe
29%
Armenia
28%
Burundi
28%
Taiwan
28%
Tanzania
28%
Barbados
26%
Belize
26%
Bhutan
26%
Figi
26%
Giamaica
26%
Haiti
26%
Laos
26%
Libano
26%
Namibia
26%
Repubblica del Congo
26%
Turkmenistan
26%
Uganda
26%
Botswana
25%
Mauritania
25%
Dominica
24%
Gabon
24%
Mauritius
24%
Nicaragua
24%
Papua Nuova Guinea
24%
Uzbekistan
24%
Azerbaijan
22%
Ciad
22%
Lesotho
22%
Liberia
22%
Mozambico
22%
Santa Lucia
22%
Sierra Leone
22%
Sud Sudan
22%
Benin
21%
Bosnia
ed Erzegovina
21%
Gambia
21%
Guinea-Bissau
21%
Kuwait
21%
Malawi
21%
Malesia
21%
Ruanda
21%
Swaziland
21%
Antigua e Barbuda
19%
Birmania
19%
Cambogia
18%
Gibuti
18%
Palau
18%
Comoros
16%
Kiribati
16%
Bahrain
15%
Guinea Equatoriale
15%
Nauru
15%
Samoa
15%
Singapore
15%
Trinidad e Tobago
15%
Tuvalu
15%
Vanuatu
15%
Grenada
13%
Saint Kitts e Nevis
13%
Sao Tome e Principe
13%
Tagikistan
13%
Isole Marshall
12%
Repubblica Centrafricana
12%
Saint Vincent e
Grenadine
12%
Tonga
12%
Brunei
10%
Isole Salomone
10%
Timor Est
10%
Kirghizistan
9%
Stati Federati di
Micronesia
3%

Score Distribution

Percentile by Number Answered

Percent of People with Each Score

Your Score History

You have not taken this quiz